Tratado de derecho finaciero y tributario local / dirigido por José Juan Ferreiro Lapatza
ISBN:
84-7248-161-1
Descripción Física:
1189 p. ; 24 cm
Otros Autores:
Ferreiro Lapatza, José Juan
MARC
| LEADER | 00000nam a2200000Ia 4500 | ||
|---|---|---|---|
| 001 | 17168 | ||
| 008 | 160829s1993 xx 000 0 cat d | ||
| 020 | |a 84-7248-161-1 | ||
| 080 | |a D-3-49 | ||
| 245 | |a Tratado de derecho finaciero y tributario local / dirigido por José Juan Ferreiro Lapatza | ||
| 260 | |a Madrid : |b Marcial Pons. Ediciones Jurídicas, Diputació de Barcelona, |c 1993 | ||
| 300 | |a 1189 p. ; |c 24 cm | ||
| 650 | 0 | |a Dret fiscal |z Espanya |9 18737 | |
| 650 | |a Finances locals |x Espanya |9 24153 | ||
| 650 | |a Espanya |x Dret i legislació |9 38443 | ||
| 700 | 1 | |a Ferreiro Lapatza, José Juan |e director editorial |9 18049 | |
| 901 | |a Arxiu | ||
| 942 | |n 1 |2 udc | ||
| 952 | |0 2 |1 0 |2 udc |4 0 |5 2 |6 D349 |7 1 |9 48427 |a Arxiu |b Arxiu |d 2016-12-01 |l 0 |o D-3-49 |p 17168 |r 2016-12-01 00:00:00 |w 2016-12-01 |y ARXIU | ||
| 999 | |c 52255 |d 52255 | ||